<?xml version="1.0" encoding="UTF-8"?>
<record
    xmlns:xsi="http://www.w3.org/2001/XMLSchema-instance"
    xsi:schemaLocation="http://www.loc.gov/MARC21/slim http://www.loc.gov/standards/marcxml/schema/MARC21slim.xsd"
    xmlns="http://www.loc.gov/MARC21/slim">

  <leader>02191nam a22003857a 4500</leader>
  <controlfield tag="005">20260420131349.0</controlfield>
  <controlfield tag="008">180221b        xxu||||| |||| 00| 0 eng d</controlfield>
  <datafield tag="040" ind1=" " ind2=" ">
    <subfield code="c">PK-LaUMT</subfield>
  </datafield>
  <datafield tag="082" ind1=" " ind2=" ">
    <subfield code="a">ZIAC 297.05</subfield>
    <subfield code="b">ISR-M</subfield>
  </datafield>
  <datafield tag="100" ind1="0" ind2=" ">
    <subfield code="a">Israr Ahmad</subfield>
    <subfield code="9">11091</subfield>
  </datafield>
  <datafield tag="245" ind1="1" ind2="0">
    <subfield code="a">&#x645;&#x633;&#x644;&#x645;&#x627;&#x646;&#x648;&#x6BA; &#x67E;&#x631; &#x642;&#x631;&#x622;&#x646; &#x645;&#x62C;&#x6CC;&#x62F; &#x6A9;&#x6D2; &#x62D;&#x642;&#x648;&#x642; /</subfield>
    <subfield code="b">&#x627;&#x633;&#x631;&#x627;&#x631; &#x627;&#x62D;&#x645;&#x62F;</subfield>
  </datafield>
  <datafield tag="246" ind1=" " ind2=" ">
    <subfield code="a">Musalmanon per Quran Majeed kay Haqooq / Israr Ahmad</subfield>
  </datafield>
  <datafield tag="246" ind1="1" ind2="0">
    <subfield code="a">&#x62C;&#x631;&#x646;&#x6CC;&#x644;&#x6CC; &#x622;&#x645;&#x631;&#x6CC;&#x62A; &#x6A9;&#x6D2; &#x62C;&#x631;&#x627;&#x626;&#x645; / &#x67E;&#x631;&#x648;&#x641;&#x6CC;&#x633;&#x631; &#x62E;&#x648;&#x631;&#x634;&#x6CC;&#x62F; &#x627;&#x62D;&#x645;&#x62F;</subfield>
  </datafield>
  <datafield tag="246" ind1="1" ind2="0">
    <subfield code="a">Jarnaili amriyat ke jaraim / Professor Khurshid Ahmad</subfield>
  </datafield>
  <datafield tag="246" ind1="1" ind2="0">
    <subfield code="a">&#x642;&#x627;&#x62F;&#x6CC;&#x627;&#x646;&#x6CC;&#x648;&#x6BA; &#x6A9;&#x6CC; &#x637;&#x631;&#x641; &#x633;&#x6D2; &#x6A9;&#x644;&#x645;&#x6C1; &#x637;&#x6CC;&#x628;&#x6C1; &#x6A9;&#x6CC; &#x62A;&#x648;&#x6C1;&#x6CC;&#x646; / &#x645;&#x62D;&#x645;&#x62F; &#x6CC;&#x648;&#x633;&#x641; &#x644;&#x62F;&#x6BE;&#x6CC;&#x627;&#x646;&#x648;&#x6CC;</subfield>
  </datafield>
  <datafield tag="246" ind1="1" ind2="0">
    <subfield code="a">Qadianio ki taraf se Kalma Tayyaba ki toheen / Muhammad Yousaf Ludhyanvi</subfield>
  </datafield>
  <datafield tag="246" ind1="1" ind2="0">
    <subfield code="a">&#x62A;&#x641;&#x633;&#x6CC;&#x631; &#x633;&#x648;&#x631;&#x62A; &#x627;&#x644;&#x62D;&#x62F;&#x6CC;&#x62F; / &#x633;&#x6CC;&#x62F; &#x627;&#x628;&#x648; &#x627;&#x644;&#x627;&#x639;&#x644;&#x670;&#x6CC; &#x645;&#x648;&#x62F;&#x648;&#x62F;&#x6CC;</subfield>
  </datafield>
  <datafield tag="246" ind1="1" ind2="0">
    <subfield code="a">Tafseer Surah Al-Hadid / Syed Abul Ala Maududi</subfield>
  </datafield>
  <datafield tag="246" ind1="1" ind2="0">
    <subfield code="a">&#x62F;&#x627;&#x631;&#x627;&#x644;&#x627;&#x633;&#x644;&#x627;&#x645; : &#x627;&#x6CC;&#x6A9; &#x62A;&#x62D;&#x642;&#x6CC;&#x642;&#x6CC; &#x62C;&#x627;&#x626;&#x632;&#x6C1; / &#x631;&#x6CC;&#x62D;&#x627;&#x646;&#x6C1; &#x642;&#x631;&#x6CC;&#x634;&#x6CC;</subfield>
  </datafield>
  <datafield tag="246" ind1="1" ind2="0">
    <subfield code="a">Dar-ul-Islam : aik tehqiqi jaiza / Rehana Qureshi</subfield>
  </datafield>
  <datafield tag="246" ind1="1" ind2="0">
    <subfield code="a">&#x62F;&#x6CC;&#x648;&#x627;&#x646;&#x650; &#x63A;&#x627;&#x644;&#x628; : &#x635;&#x62D;&#x6CC;&#x62D; &#x635;&#x648;&#x631;&#x62A; &#x62D;&#x627;&#x644; / &#x633;&#x6CC;&#x62F; &#x645;&#x639;&#x6CC;&#x646; &#x627;&#x644;&#x631;&#x62D;&#x645;&#x670;&#x646;</subfield>
  </datafield>
  <datafield tag="246" ind1="1" ind2="0">
    <subfield code="a">Deewan-e-Ghalib : Sahi Surat Hall / Syed Moin Ul Din</subfield>
  </datafield>
  <datafield tag="246" ind1="1" ind2="0">
    <subfield code="a">&#x645;&#x648;&#x644;&#x648;&#x6CC; &#x645;&#x62D;&#x645;&#x62F; &#x634;&#x631;&#x6CC;&#x641; : &#x639;&#x644;&#x645; &#x648; &#x645;&#x639;&#x631;&#x641;&#x62A; &#x6A9;&#x6D2; &#x62A;&#x646;&#x627;&#x638;&#x631; &#x645;&#x6CC;&#x6BA; / &#x645;&#x62D;&#x645;&#x62F; &#x62C;&#x627;&#x648;&#x6CC;&#x62F; &#x627;&#x642;&#x628;&#x627;&#x644; &#x686;&#x62F;&#x6BE;&#x691;</subfield>
  </datafield>
  <datafield tag="246" ind1="1" ind2="0">
    <subfield code="a">Maulvi Muhammad Shareef : Ilm o Marfat ke tanazar main / Muhammad Javed Iqbal Chadhar</subfield>
  </datafield>
  <datafield tag="246" ind1="1" ind2="0">
    <subfield code="a">&#x631;&#x62D;&#x644;&#x62A; &#x627;&#x644;&#x62A;&#x642;&#x648;&#x6CC;&#x670; : &#x631;&#x6C1;&#x646;&#x645;&#x627;&#x626;&#x6D2; &#x62D;&#x62C; &#x648; &#x62A;&#x642;&#x648;&#x670;&#x6CC; / &#x645;&#x62D;&#x645;&#x62F; &#x648;&#x642;&#x627;&#x635;</subfield>
  </datafield>
  <datafield tag="246" ind1="1" ind2="0">
    <subfield code="a">Rehlat Ul Taqwa : rehnuma-e-Hajj o Umrah / Muhammad Waqas</subfield>
  </datafield>
  <datafield tag="246" ind1="1" ind2="0">
    <subfield code="a">&#x645;&#x648;&#x644;&#x627;&#x646;&#x627; &#x645;&#x648;&#x62F;&#x648;&#x62F;&#x6CC; &#x6A9;&#x6CC; &#x62F;&#x648;&#x631;&#x650; &#x627;&#x645;&#x627;&#x631;&#x62A; &#x6A9;&#x6CC; &#x686;&#x646;&#x62F; &#x62C;&#x6BE;&#x644;&#x6A9;&#x6CC;&#x627;&#x6BA; / &#x639;&#x627;&#x635;&#x645; &#x646;&#x639;&#x645;&#x627;&#x646;&#x6CC;</subfield>
  </datafield>
  <datafield tag="246" ind1="1" ind2="0">
    <subfield code="a">Maulana Maududi ki daur Amarat ki chand jhalkian / Asim Naumani</subfield>
  </datafield>
  <datafield tag="246" ind1="1" ind2="0">
    <subfield code="a">&#x645;&#x648;&#x644;&#x627;&#x646;&#x627; &#x645;&#x648;&#x62F;&#x648;&#x62F;&#x6CC; &#x645;&#x631;&#x62D;&#x648;&#x645; &#x627;&#x648;&#x631; &#x645;&#x6CC;&#x6BA; / &#x688;&#x627;&#x6A9;&#x679;&#x631; &#x627;&#x633;&#x631;&#x627;&#x631; &#x627;&#x62D;&#x645;&#x62F;</subfield>
  </datafield>
  <datafield tag="246" ind1="1" ind2="0">
    <subfield code="a">Maulana Maududi aur main / Dr. Israr Ahmad</subfield>
  </datafield>
  <datafield tag="260" ind1=" " ind2=" ">
    <subfield code="a">Lahore :</subfield>
    <subfield code="b">Markaz e Anjuman e Khaddam Ul Quran,</subfield>
    <subfield code="c">1974</subfield>
  </datafield>
  <datafield tag="300" ind1=" " ind2=" ">
    <subfield code="a">This volume consists of 11 books bound in one.</subfield>
  </datafield>
  <datafield tag="546" ind1=" " ind2=" ">
    <subfield code="a">Eng</subfield>
  </datafield>
  <datafield tag="942" ind1=" " ind2=" ">
    <subfield code="c">BK</subfield>
  </datafield>
  <datafield tag="999" ind1=" " ind2=" ">
    <subfield code="c">103606</subfield>
    <subfield code="d">103606</subfield>
  </datafield>
  <datafield tag="952" ind1=" " ind2=" ">
    <subfield code="0">0</subfield>
    <subfield code="1">0</subfield>
    <subfield code="4">0</subfield>
    <subfield code="7">0</subfield>
    <subfield code="a">01</subfield>
    <subfield code="b">01</subfield>
    <subfield code="d">2018-02-21</subfield>
    <subfield code="l">0</subfield>
    <subfield code="o">ZIAC 297.05 ISR-M</subfield>
    <subfield code="p">119963</subfield>
    <subfield code="r">2018-02-21 00:00:00</subfield>
    <subfield code="w">2018-02-21</subfield>
    <subfield code="y">BK</subfield>
  </datafield>
</record>
